000 00220nam a22000857a 4500
008 260429b ||||| |||| 00| 0 eng d
100 _aNorsk Filatelistforbund
245 _aHandbook of Norway's Stamps
650 _aNorway Stamps
999 _c3714
_d3714